000 00994cab a2200265 4500
001 ABS55711
008 090401t1996 xxu||||| |||| 00| 0 eng d
035 _a(Sirsi) u18236
041 _aeng
245 _aHigh Street Investments Ltd and another v Bellshore Property Investments Ltd
260 _c1996
350 _a0
490 _aEstates Gazette
_v(1996) 35 EG 87-89(3)
520 _aCA 15 February 1996. On appeal, upheld the first plaintiff`s granting of relief from forfeiture on the grounds that they had derived title to the underlease as equitable assignees and were therefore entitled to have the lease assigned to them. Appeal dismissed.
650 _aEQUITABLE ASSIGNEES
650 _aHIGH STREET INVESTMENTS V BELLSHORE PROPERTY INVESTMENTS
650 _aLEASES
650 _aORIGINATING SUMMONS
650 _aRELIEF FROM FORFEITURE
650 _aSUBLEASE
650 _aUNDERLEASE
690 _aLANDLORD AND TENANT-CASE LAW
942 _n0
948 _c04/03/1997
999 _c12101
_d12101